00486nam a2200169Ia 4500003000900000008004100009040001600050080001700066100002900083245007300112260002900185300001300214650001300227650004100240650001400281650002100295IN-BaIIA211028s9999 xx 000 0 eng d cIIA Library a059(54)bSWA aSwamikannu Pillai, L. D. 3aAn Indian ephemerisbA.D. 1800 to A.D. 2000cL. D. Swamikannu Pillai aMadrasbGrant and Compay axx,432p. aAlmanacs aAstronomy and Astrophysics Thesaurus aEphemeris aIndian Ephemeris